000
00274nam a22001217a 4500
008
181218b xxu||||| |||| 00| 0 eng d
041
_a
eng
080
_a
621
100
_a
25
101
_a
eng
245
_a
Basic Carburent And Fuel Systems
_c
Robert.K
942
_2
udc
_c
BK
999
_c
53410
_d
53410